Top 100 najpopularniejszych utworów SBM LABEL - Statystyki

Ogólne statystyki
  • Ten quiz został rozwiązany 76 razy
    34 od ostatniego zresetowania
  • Średni wynik to 41 z 100
Statystyki odpowiedzi
Wykonawca Tytuł albumu Rok wydania Liczba wyświetleń Tytuł Piosenki % Poprawnych
White 2115 Rockstar 2018 128mln California
95%
Deemz x Bedoes x PlanBe SAUCE 2017 121mln Eldorado
81%
Mata, Quebonafide, Malik Montana Młody Matczak 2021 69mln Papuga
76%
SB Maffija Hotel Maffija 2 2022 68mln Lawenda
71%
Mata 100 dni do matury 2020 69mln Patointeligencja
71%
Mata Młody Matczak 2021 88mln Patoreakcja
71%
Mata 100 dni do matury 2020 76mln Schodki
71%
SB Maffija Hotel Maffija 2020 32mln Hotel Maffija
67%
Beteo, ReTo Nowy Pop 2018 49mln Meow
67%
SB Maffija Hotel Maffija 2020 53mln A nie pamiętasz jak?
62%
SB Maffija, Bungee Hotel Maffija 3 2023 15mln Bungee
62%
SB Maffija x 2115 Hotel Maffija 2 (3 000 000 Deluxe) 2022 26mln Proste fakty
62%
Bedoes & Kubi Producent, Taco Hemingway Kwiat Polskiej Młodzieży 2018 26mln Chłopaki nie płaczą
57%
Białas & Lanek In hajs we trust 2 2018 46mln Grill u Gawrona
57%
GOMBAO 33 (Hotel Maffija 2) Hotel Maffija 2 2022 15mln Łyk i buch
57%
White 2115 Młody Książę 2019 59mln Mogę dziś umierać
57%
Bedoes & Lanek Opowieści z Dolny Smoków 2019 47mln Opowieści z Doliny Smoków
57%
SB Maffija Hotel Maffija 2 2022 21mln Parapetówa
57%
White 2115 Pretty Boy 2022 34mln RiRi
57%
Mata Młody Matczak 2021 51mln Szafir
57%
Jan-Rapowanie & NOCNY, Szpaku, Guzior Plansze 2019 32mln Wybory
57%
Bedoes & Kubi Producent Kwiat Polskiej Młodzieży 2017 68mln 05:05
52%
Bedoes & Kubi Producent, Koldi, Young Multi, Beteo Kwiat Polskiej Młodzieży 2018 34mln Delfin
52%
Bedoes & Kubi Producent, Golec uOrkiestra Kwiat Polskiej Młodzieży 2018 47mln Janosik
52%
Bedoes & Lanek Opowieści z Doliny Smoków 2019 89mln Jesteś ładniejsza niż na zdjęciach (na zawsze)
52%
Mata Młody Matczak 2021 92mln Kiss cam (podryw roku)
52%
White 2115 Rockstar 2018 24mln Rockstar
52%
Mata Młody Matczak 2021 19mln Szmata
52%
Beodes & Lanek Opowieści z Doliny Smoków 2019 40mln VOGUE
52%
Białas Głowa Rodziny 2022 19mln Zosia
52%
White 2115 Pretty Boy 2022 21mln 18
48%
Bedoes & Kubi Producent Aby śmierć miała znaczenie 2016 39mln Biały i młody
48%
Solar & Białas #nowanormalnosc (Deluxe) 2016 41mln Intercontinental Bajers
48%
Mata, White 2115 Młody Matczak 2021 36mln La la la (oh oh)
48%
White 2115 Rockstar: Do zachodu słońca 2020 37mln Morgan
48%
White 2115, Bedoes, Kuqe Rockstar 2018 40mln Nowi kumple
48%
White 2115 Młody Książę 2019 26mln Pałac
48%
Białas, Sobel NEWCOMER 2023 17mln Uzi
48%
Białas H8M5 2020 23mln W imię ojca trapu
48%
Deemz x Białas x Szpaku SAUCE 2018 35mln Ból
43%
Bedoes & Lanek, DJ Johny Opowieści z Doliny Smoków 2019 28mln Brzydkie rzeczy
43%
Bedoes ------------------------ 2017 30mln Gustaw
43%
White 2115 Rockstar 2018 41mln La Vida Loca
43%
White 2115 Rockstar 2018 21mln Noc
43%
Kacperczyk, Julia Wieniawa Kryzys Wieku Wczesnego 2021 14mln Sebiksy
43%
Jan-Rapowanie & NOCNY, Holak Plansze 2019 21mln Układanka
43%
Kinny Zimmer LETNISKO 2022 13mln Zegarek ze Szwajcarii
43%
Mata 100 dni do matury 2020 28mln Żółte flamastry i grube katechetki
43%
Bedoes & Lanek Opowieści z Doliny Smoków 2019 33mln 1998 (mam to we krwi)
38%
SB Maffija x 2115 Hotel Maffija 2 2022 19mln Agrest i bez
38%
Drużyna 2115, Bedoes, White 2115, Kuqe Piosenki o Miłości MIXTAPE 2017 29mln Czarownica
38%
White 2115 Rockstar: Do zachodu słońca 2020 20mln Do zachodu słońca
38%
Białas & Lanek, Quebonafide POLON 2017 27mln Ganges
38%
Deemz x Bedoes x Young Multi SAUCE 2018 13mln Gucci Mane
38%
Mata #Hot16Challenge2 2020 14mln #Hot16Challenge2
38%
Bedoes #Hot16Challenge2 2020 12mln #Hot16Challenge2
38%
Białas, Zui H8M4 2016 34mln Mali ludzie, wielkie nieba
38%
Bedoes & Lanek Opowieści z Doliny Smoków 2019 48mln Nadchodzi Lato
38%
White 2115 Rockstar: Do zachodu słońca 2020 13mln Papieros
38%
Mata 100 dni do matury 2020 23mln Prawy do lewego
38%
Białas, Szpaku H8M5 2020 16mln Sępy
38%
SB Maffija, Wac Toja, Koldi Gonimy Sny Z Ulicy (LP) 2015 36mln ZABIJA #3 / TWERK
38%
SB Maffija Hotel Maffija 2020 13mln Zimna noc i szybkie auta
38%
Bedoes & Kubi Producent, Białas, Eldo Kwiat Polskiej Młodzieży 2018 15mln Gady
33%
Białas & Lanek, Bedoes POLON 2017 31mln Na serio
33%
Białas, Mata H8M5 2020 17mln PDW
33%
Białas H8M5 2020 33mln Piękna
33%
Lanek, Białas, ReTo ------------------------ 2018 14mln Pressing
33%
Bedoes & Lanek Opowieści z Doliny Smoków 2019 18mln Smoki
33%
White 2115 Młody Książę 2019 13mln Trzy butelki
33%
Bedoes & Lanek Rewolucja Romantyczna 2021 13mln City Boy :*
29%
SB Maffija Hotel Maffija 2 2022 17mln co to za bluza lanek?
29%
Bedoes & Lanek Opowieści z Doliny Smoków 2019 18mln FPS
29%
Bedoes & Kubi Producent Kwiat Polskiej Młodzieży 2018 18mln Kwiat polskiej młodzieży
29%
Bedoes & Lanek Opowieści z Doliny Smoków 2019 13mln Lesbijki
29%
Mata 100 dni do matury 2020 26mln Mata Montana
29%
White 2115 Rockstar: Do zachodu słońca 2020 12mln Porsche
29%
Mata 100 dni do matury 2020 13mln Tango
29%
Bedoes & Kubi Producent, Rafonix Kwiat Polskiej Młodzieży 2018 19mln Toy Story
29%
Jan-Rapowanie & NOCNY Plansze 2019 12mln Wszystko OK
29%
Białas & Lanek POLON 2017 15mln HOW
24%
Bedoes & Lanek, Pressa Opowieści z Doliny Smoków 2019 12mln Michelangelo
24%
Białas, Bedoes H8M4 2016 12mln Patrzcie idzie frajer
24%
Bedoes & Lanek, Blacha 2115 Opowieści z Doliny Smoków 2019 12mln Playboy (dla Lanka)
24%
Lanek, Żabson, Smolasty, Kizo ------------------------ 2019 18mln Safari
24%
Bedoes & Lanek Rewolucja Romantyczna 2020 13mln TOA$T /
24%
Bedoes & Kubi Producent Kwiat Polskiej Młodzieży 2018 24mln Wow
24%
Bedoes & Kubi Producent Kwiat Polskiej Młodzieży 2018 12mln 1000 koni
19%
Białas & Lanek, Paluch POLON 2017 18mln Ale ja nie
19%
Solar & Białas, ReTo, Quebonafide, Wac Toja #nowanormalnosc (Deluxe) 2016 18mln Brudna prawda
19%
Bedoes & Kubi Producent Aby śmierć miała znaczenie 2016 17mln Gang, gang, gang
19%
Kacperczyk Pokolenie Końca Świata 2023 12mln Jakbym zjadł mentosy i popił je colą
19%
White 2115 Rockstar: Do zachodu słońca 2020 12mln Jesteśmy tu
19%
Bedoes & Lanek, Kuqe 2115 Opowieści z Dolny Smoków 2019 22mln Łzy (pierwszy kawałek na tej płycie)
19%
Bedoes & Kubi Producent Aby śmierć miała znaczenie 2017 21mln Napad
19%
Solar & Białas, Wac Toja #nowanormalnosc (Deluxe) 2016 25mln Nie dla ciebie
19%
Quebonafide x Kuban x Kuba Knap Ezoteryka 2014 24mln Żadnych zmartwień
19%
Białas, Solar, Beteo H8M4 2016 15mln Tracimy kontrolę
14%
Jan-Rapowanie & NOCNY, Szpaku NOCNA ZMjANA 2017 13mln Niech to usłyszą
10%
Białas & White 2115 Diamentowy Las 2021 12mln Święto ogórka
10%
Nie znaleziono quizów pasujących do podanych kryteriów
Rozkład punktacji
Procent ludzi z każdym wynikiem
Percentyl według liczby udzielonych odpowiedzi
Twoja historia wyników
Nie rozwiązałeś tego quizu od ostatniego zresetowania